KEYBOARD MADE SIMPLE (Record no. 1933)
[ view plain ]
| 000 -LEADER | |
|---|---|
| fixed length control field | 00283nam a22001217a 4500 |
| 082 ## - DEWEY DECIMAL CLASSIFICATION NUMBER | |
| Classification number | 001 |
| Item number | RAM/K |
| 100 ## - MAIN ENTRY--AUTHOR NAME | |
| Personal name | RAMESH, M.S |
| 245 ## - TITLE STATEMENT | |
| Title | KEYBOARD MADE SIMPLE |
| 260 ## - PUBLICATION, DISTRIBUTION, ETC. (IMPRINT) | |
| Place of publication | BANGALORE |
| Name of publisher | SADHANA PUBLICATIONS |
| 300 ## - PHYSICAL DESCRIPTION | |
| Number of Pages | 91 |
| 650 ## - SUBJECT ADDED ENTRY--TOPICAL TERM | |
| Topical Term | MUSICAL INSTRUMENTS TRAINING |
| Geographic subdivision | INDIA |
| 942 ## - ADDED ENTRY ELEMENTS (KOHA) | |
| Koha item type | Books |
| Withdrawn status | Lost status | Collection code | Home library | Current library | Shelving location | Date acquired | Source of acquisition | Cost, normal purchase price | Full call number | Accession Number | Koha item type |
|---|---|---|---|---|---|---|---|---|---|---|---|
| Reference | Main Library | Main Library | SHELF 1-D ENCYCLOPEDIAS G K REFERENCE | 17/05/2011 | purchase | 120.00 | 001 RAM/K | 03476 | Books |